000
00288nam a22001217a 4500
008
171031b xxu||||| |||| 00| 0 eng d
041
_a
eng
080
_2
30
_a
33
100
_a
58
101
_a
BUS
245
_a
STATISTICAL TECHNIQUES IN BUSINESS ECONOMICS
_c
LIND.M
942
_2
udc
_c
BK
999
_c
36810
_d
36810